| Tag |
First Indicator |
Second Indicator |
Subfields |
| LEADER |
00000cam a2200000 i 4500 |
| 001 |
in00003598949 |
| 005 |
20211120173310.0 |
| 006 |
m o d f |
| 007 |
cr mn||||||||| |
| 008 |
150825s2005 vauab o f000 0 eng c |
| 035 |
|
|
|a (OCoLC)ocn919160994
|
| 040 |
|
|
|a GPO
|b eng
|e rda
|e pn
|c GPO
|d MvI
|
| 042 |
|
|
|a pcc
|
| 043 |
|
|
|a e-be---
|
| 049 |
|
|
|a WWW
|
| 074 |
|
|
|a 1050 (online)
|
| 086 |
0 |
|
|a Y 3.AM 3:2 H 39/2005
|
| 245 |
0 |
0 |
|a Henri-Chapelle American Cemetery and Memorial /
|c American Battle Monuments Commission.
|
| 264 |
|
1 |
|a [Arlington, Va.] :
|b American Battle Monuments Commission,
|c [2005?]
|
| 300 |
|
|
|a 1 online resource (13 pages) :
|b illustrations (some color), maps
|
| 336 |
|
|
|a text
|b txt
|2 rdacontent
|
| 337 |
|
|
|a computer
|b c
|2 rdamedia
|
| 338 |
|
|
|a online resource
|b cr
|2 rdacarrier
|
| 500 |
|
|
|a Title from title screen (viewed Aug. 25, 2015).
|
| 610 |
2 |
0 |
|a Henri-Chapelle American Cemetery and Memorial (Henri-Chapelle, Belgium)
|
| 650 |
|
0 |
|a National cemeteries, American
|z Belgium.
|
| 650 |
|
0 |
|a Soldiers' monuments
|z Belgium.
|
| 650 |
|
0 |
|a World War, 1939-1945
|x Monuments.
|
| 710 |
2 |
|
|a American Battle Monuments Commission,
|e issuing body.
|
| 856 |
4 |
0 |
|u https://purl.fdlp.gov/GPO/gpo20184
|t 0
|
| 999 |
f |
f |
|s ee599ea2-f898-3862-8fa4-8c824c3bf1e1
|i 7384f874-b98a-3f93-8546-201f63b28755
|t 0
|
| 952 |
f |
f |
|a Texas A&M University
|b College Station
|c Electronic Resources
|d Available Online
|t 0
|e Y 3.AM 3:2 H 39/2005
|h Superintendent of Documents classification
|
| 998 |
f |
f |
|a Y 3.AM 3:2 H 39/2005
|t 0
|l Available Online
|